الاعلام (Record no. 17762)

MARC details
000 -LEADER
fixed length control field 00446nam a22001697a 4500
003 - CONTROL NUMBER IDENTIFIER
control field OSt
005 - DATE AND TIME OF LATEST TRANSACTION
control field 20171019114707.0
008 - FIXED-LENGTH DATA ELEMENTS--GENERAL INFORMATION
fixed length control field 171019b xxu||||| |||| 00| 0 ara d
040 ## - CATALOGING SOURCE
Original cataloging agency LB-BrCRDP
082 ## - DEWEY DECIMAL CLASSIFICATION NUMBER
Classification number 070 T328ia
100 ## - MAIN ENTRY--PERSONAL NAME
Personal name فرنان ترو
245 ## - TITLE STATEMENT
Title الاعلام
260 ## - PUBLICATION, DISTRIBUTION, ETC.
Name of publisher, distributor, etc. المنشورات العربية
300 ## - PHYSICAL DESCRIPTION
Extent ص128
Dimensions سم17
500 ## - GENERAL NOTE
General note ترجمة :محمود الغندور<br/>"L'Information"
942 ## - ADDED ENTRY ELEMENTS (KOHA)
Source of classification or shelving scheme Dewey Decimal Classification
Koha item type Books
Holdings
Withdrawn status Lost status Source of classification or shelving scheme Damaged status Not for loan Home library Current library Date acquired Total Checkouts Full call number Barcode Date last seen Price effective from Koha item type
    Dewey Decimal Classification     مكتبة المطبعة - سن الفيل مكتبة المطبعة - سن الفيل 10/19/2017   070 T328ia crdp015256 10/19/2017 10/19/2017 Books